000 01080nam a2200373 a 4500
003 AR-BaBNM
005 20251128203845.0
008 082120s2002 ||||||||||||||000 | spa||
040 _cAR-BaBNM
245 0 0 _aImagen de Buenos Aires a través de los viajeros
_b1870-1910
260 _aBuenos Aires
_bUniversidad de Buenos Aires
_c1981
300 _a220 p.
490 0 _aDel IV centenario de Buenos Aires
_vv. 5
500 _aContiene referencias bibliográficas en p. 193
650 4 _aVIAJES
650 4 _aCOSTUMBRES Y TRADICIONES
650 4 _aHISTORIA DE BUENOS AIRES
650 4 _aBIENES CULTURALES
650 4 _aARQUITECTURA
650 4 _aURBANISMO
650 4 _aEDIFICIOS
650 4 _aVIDA SOCIAL
650 4 _aVIDA CULTURAL
651 4 _aBuenos Aires [Capital Federal]
700 0 _aGarcía de D'Agostino
700 0 _aRebok
700 0 _aAsato
700 0 _aLópez
700 1 _aRipodas Ardanaz, Daisy
_eprologuista
800 1 _aMartiré, Eduardo
_edirector
800 1 _aRipodas Ardanaz, Daisy
_edirector
942 _cBK
998 _cMARTIN
999 _c5205
_d5205